| 000 | 00574nam a2200193Ia 4500 | ||
|---|---|---|---|
| 005 | 20250508161827.0 | ||
| 008 | 008 250505s9999 xx 000 0 eng d | ||
| 037 | _aTextual | ||
| 040 |
_aFEDL _beng _cFEDL |
||
| 041 |
_aeng _2eng |
||
| 084 |
_a370.9, MEL _qFEDL |
||
| 100 |
_aMelvin Kenneth _9771636 |
||
| 245 | 0 | _aEducation in world affairs : A realistic approach to international education | |
| 260 |
_aLexington _bD C Heath and Company _c1970 |
||
| 300 | _axiv,198p. | ||
| 650 | _aEducation | ||
| 942 |
_cTEXL _h370.9, MEL |
||
| 999 |
_c1372492 _d1372492 |
||